[Event "Hannover Bezirk-ch B"]
[Site "Lehrte"]
[Date "2017.10.28"]
[Round "1.10"]
[White "Pubantz, Richard"]
[Black "Prange, Joerg"]
[Result "1/2-1/2"]
[WhiteElo "1626"]
[BlackElo "1663"]
[PlyCount "60"]
[EventDate "2017.10.28"]
[EventType "swiss"]
[EventRounds "7"]
[EventCountry "GER"]
[SourceTitle "EXT 2022"]
[Source "ChessBase"]
[SourceDate "2021.10.06"]
[SourceVersion "1"]
[SourceVersionDate "2021.10.06"]
[SourceQuality "1"]

1. d4 g6 2. c4 Bg7 3. Nf3 d6 4. e4 Nd7 5. Be2 Ngf6 6. Nc3 e5 7. d5 Nc5 8. Qc2 a5 9. Be3 0-0 10. 0-0 b6 11. Nd2 Bd7 12. a3 Ng4 13. Bxg4 Bxg4 14. b4 axb4 15. axb4 Nb7 16. Nb3 Bd7 17. c5 bxc5 18. bxc5 c6 19. Rxa8 Qxa8 20. Ra1 Qb8 21. dxc6 Bxc6 22. Ra6 Rc8 23. cxd6 Nxd6 24. f3 Nb5 25. Rb6 Qa8 26. Nxb5 Bxb5 27. Qb2 Rb8 28. Rxb8+ Qxb8 29. Nc5 Qe8 30. Qb3 Qc6 1/2-1/2

[Event "Braunschweig Oker Cup"]
[Site "Braunschweig"]
[Date "2011.12.02"]
[Round "1"]
[White "Prange, Joerg"]
[Black "Kolthoff, Siegmund"]
[Result "0-1"]
[WhiteElo "1516"]
[BlackElo "2151"]
[PlyCount "74"]
[EventDate "2011.12.02"]
[EventType "swiss"]
[EventRounds "5"]
[EventCountry "GER"]
[SourceTitle "EXT 2013"]
[Source "ChessBase"]
[SourceDate "2012.11.22"]
[SourceVersion "1"]
[SourceVersionDate "2012.11.22"]
[SourceQuality "1"]

1. d4 Nf6 2. Bf4 d6 3. e3 g6 4. h3 Bg7 5. Nf3 0-0 6. Be2 c5 7. c3 Nbd7 8. 0-0 b6 9. Nbd2 Bb7 10. Re1 a6 11. Rc1 b5 12. b4 cxb4 13. cxb4 Nd5 14. a3 Nxf4 15. exf4 Qb6 16. Nb3 Bd5 17. Bf1 e6 18. Re3 Rfc8 19. Rec3 Rxc3 20. Rxc3 Nf6 21. Be2 Ne4 22. Rd3 Rc8 23. Qa1 Rc2 24. Nfd2 Nxd2 25. Nxd2 Qc6 26. Kh2 Bxg2 27. f3 Bxf3 28. Bxf3 Rxd2+ 29. Rxd2 Qxf3 30. Qb2 Bh6 31. Rc2 Bxf4+ 32. Kg1 Be3+ 33. Kh2 Qf4+ 34. Kg2 Bxd4 35. Rc8+ Kg7 36. Qc2 e5 37. Qd3 Qf2+ 0-1

[Event "Hannover-chB"]
[Site "Lehrte"]
[Date "2010.10.12"]
[Round "7"]
[White "Ebbing, Achim"]
[Black "Prange, Joerg"]
[Result "1-0"]
[WhiteElo "1675"]
[BlackElo "1501"]
[PlyCount "55"]
[EventDate "2010.10.09"]
[EventType "swiss"]
[EventRounds "7"]
[EventCountry "GER"]
[SourceTitle "EXT 2021"]
[Source "ChessBase"]
[SourceDate "2020.10.23"]
[SourceVersion "1"]
[SourceVersionDate "2020.10.23"]
[SourceQuality "1"]

1. e4 d6 2. d4 Nf6 3. Nc3 g6 4. Be2 Bg7 5. Nf3 0-0 6. h3 c6 7. Bf4 Nbd7 8. Bh2 b5 9. a3 Bb7 10. e5 dxe5 11. dxe5 Ne8 12. e6 fxe6 13. Ng5 Nc5 14. Qc1 h6 15. Nf3 Kh7 16. Qe3 Qb6 17. 0-0 Na4 18. Qxe6 Nxc3 19. bxc3 Bf6 20. Bd3 Ng7 21. Qg4 Bxc3 22. Qxg6+ Kg8 23. Qh7+ Kf7 24. Bg6+ Ke6 25. Rfe1+ Bxe1 26. Rxe1+ Kd7 27. Qxg7 Qc5 28. Ne5+ 1-0

[Event "Hannover-chB"]
[Site "Lehrte"]
[Date "2010.10.09"]
[Round "1"]
[White "Prange, Joerg"]
[Black "Nuelle, Sascha"]
[Result "0-1"]
[WhiteElo "1501"]
[BlackElo "1692"]
[PlyCount "100"]
[EventDate "2010.10.09"]
[EventType "swiss"]
[EventRounds "7"]
[EventCountry "GER"]
[SourceTitle "EXT 2021"]
[Source "ChessBase"]
[SourceDate "2020.10.23"]
[SourceVersion "1"]
[SourceVersionDate "2020.10.23"]
[SourceQuality "1"]

1. Nf3 Nf6 2. g3 g6 3. Bg2 Bg7 4. 0-0 0-0 5. c4 c5 6. Nc3 Nc6 7. b3 d6 8. Bb2 Nd7 9. Qc1 Rb8 10. e3 Nde5 11. Ne1 Nb4 12. Qb1 Bf5 13. e4 Bd7 14. Nd5 Nxd5 15. exd5 b5 16. f4 Ng4 17. Bxg7 Kxg7 18. h3 Nh6 19. d3 Nf5 20. Qb2+ Kg8 21. Qf2 a5 22. Nc2 a4 23. g4 Ng7 24. Ne3 f5 25. g5 bxc4 26. dxc4 axb3 27. axb3 Rxb3 28. Rfb1 Rxb1+ 29. Rxb1 Qc7 30. Qb2 Nh5 31. Qb7 Qxb7 32. Rxb7 Rd8 33. Bf3 Nxf4 34. h4 Kf7 35. Ng2 Nxg2 36. Kxg2 Be8 37. Ra7 Rb8 38. Kg3 Rb4 39. Be2 Ba4 40. Ra8 Bb3 41. Rh8 Bxc4 42. Bxc4 Rxc4 43. Rxh7+ Kf8 44. Rh8+ Kg7 45. Re8 Kf7 46. Rh8 Rd4 47. h5 gxh5 48. Rxh5 Kg6 49. Rh4 Rxh4 50. Kxh4 c4 0-1